Jubilanti

Bibliographic Details
Main Author: Ursínyová, Terézia, 1942- (Author)
Format: Article
Language:Slovak
PhysicalDescription:Fotogr. 1
Subjects:

MARC

LEADER 00000nab a2200000 a 4500
001 vtls000540943
003 SK-MaSNL
005 20260426043445.0
008 230120c1995 xo 0 slo
015 |a SNBRB19rr/mm-uuuuu 
035 |a CL0541081 
040 |a SNKBUCL  |b slo  |c SNKBUCL  |e AACR2 
041 0 |a slo 
044 |a xo  |c SK 
080 |a 78.072.2-051  |2 1981 
080 |a 271.5  |2 1981 
080 |a 929 Vajda, Igor  |2 1981 
100 1 |a Ursínyová, Terézia,  |d 1942-  |4 aut  |9 103725 
245 1 0 |a Jubilanti  |c Terézia Ursínyová 
300 |b Fotogr. 1 
600 1 7 |a Vajda, Igor,  |d 1935-2001  |2 snkbucl  |9 461792 
655 7 |a články z novín a časopisov  |2 snkbucl  |9 267496 
773 0 |t Hudobný život '95  |g Roč. 27, č. 5 (1995), s. 2 
850 |a Slovenská národná knižnica v Martine  |a MTA001 
852 |a SNK  |b KIS3GCP 
954 |a odborná, vedecká literatúra pôvodná (slovenská)  |2 lita 
958 |a OND 
958 |a BX 
958 |a RK 
958 |a SK 
958 |a EUIPO 
992 |a RBX 
999 |c 1840751  |d 1842681